000 00576nam a22002057a 4500
001 00028587
005 20260318122648.0
008 260318b ag ||||| |||| 00| 0 spa d
020 _a9506020035
040 _aAR-CcCEOS
_bspa
_cAR-CcCEOS
041 _aspa
080 _a159.9
090 _bGRA
100 1 _aGrassano de Piccolo, Elsa
_9918
245 _aIndicadores psicopatológicos en técnicas proyectivas /
_cElsa Grassano
264 _aBuenos Aires :
_bNueva Visión,
_cc1984.
300 _a580 p. ;
_c24x15 cm.
650 0 _apsicología
_9114
942 _2udc
_cBK
_n0
999 _c28617
_d28617